| 000 | 01172nam a22003377a 4500 | ||
|---|---|---|---|
| 003 | CHAP | ||
| 005 | 20220329135533.0 | ||
| 008 | 971013s1966 r 00010 d | ||
| 010 | _a38165 | ||
| 011 | _a39137 | ||
| 035 | _a43257 | ||
| 040 | _cCHAP | ||
| 090 | _aTesis | ||
| 100 | 0 | 0 |
_aPatrón Unger, Carlos Enrique. _986229 |
| 245 | _aEfecto de la edad de la madre en el número de lechones nacidos y al destete en la raza Duroc Jersey | ||
| 260 |
_aMéxico, D.F. : _bEl autor, _c1966 |
||
| 300 |
_a45 h. _b: gráfs. |
||
| 502 | _aTesis (Médico Veterinario Zootecnista) -- UNAM. Esc. Nacional de Medicina Veterinaria y Zootecnia | ||
| 590 |
_aALEPH _b10 _c20130110 _lUCH01 _h1304 |
||
| 590 |
_aBATCH-UPD _b10 _c20130109 _lUCH01 _h2314 |
||
| 590 |
_aBATCH-UPD _b10 _c20130110 _lUCH01 _h1933 |
||
| 590 |
_aBATCH-UPD _b10 _c20130410 _lUCH01 _h1257 |
||
| 590 |
_aBATCH-UPD _b10 _c20130914 _lUCH01 _h1520 |
||
| 590 |
_aCONVERSION _b10 _c20130109 _lUCH01 _h1321 |
||
| 650 | 1 | 4 |
_aGanado porcino _xEdad. _945358 |
| 650 | 1 | 4 |
_aGanado porcino _xFecundidad. _945369 |
| 650 | 1 | 4 |
_aLechones _xDestete. _965445 |
| 901 | _aBK | ||
| 942 | _cTESIS | ||
| 949 |
_bBC _cTES _d-99237 _eTS1 _i43257 _si |
||
| 999 |
_c38165 _d38165 |
||